00822nam a22002417a 4500003000500000005001700005008004100022010001000063011001000073035001000083040000900093082001400102110005600116245017600172260003100348300003100379490003900410650001600449650002000465650002300485650003300508830003900541CHAP20220329134311.0971013s1971 r 00010 d a18396 a19368 a23453 cCHAP a581.5bC4 aCentre Nacional de la Recherche Scientifique. Paris aCycle de la matiere organique et des éléments minéraux dans quelques écosystémes Méditerranéensb: dynamique saisonniére de deux sols en climat tempéré aParis :bThe centre,c1971 a253 p.b: ilus. ; gráfs. aProgramme Biologique International14aEcosistema.14aSuelos y clima.14aSuelos y cultivos.14aSuelosxElementos minerales.0 aProgramme Biologique International